| 000 | 00614nam a2200229 a 4500 | ||
|---|---|---|---|
| 008 | 170223e1994 Ag ||||| |||| 00| 0 spa d | ||
| 020 | _a847432534X | ||
| 041 | _aspa | ||
| 092 |
_c170 _l28 _sGAU |
||
| 100 | 1 |
_aGauthier, David _93137 |
|
| 245 |
_aLa moral por acuerdo / _cDavid Gauthier |
||
| 250 | _a1a ed. | ||
| 260 |
_aBarcelona: _bGedisa; _c1994. |
||
| 300 | _a477 p. | ||
| 500 | _aGauthier, D. (1994). La moral por acuerdo. (1a ed.). Barcelona : Gedisa. | ||
| 590 | _aDonacion Dra. Dora Vera 2017 | ||
| 653 | _aFilosofia | ||
| 653 | _aMoral | ||
| 653 | _aRazon | ||
| 653 | _aValor | ||
| 942 |
_2ddc _cBK |
||
| 999 |
_c2327 _d2327 |
||